| 000 | 00529nam a22001817a 4500 | ||
|---|---|---|---|
| 005 | 20251108164345.0 | ||
| 008 | 250721s1996 xx 000 0 ara d | ||
| 082 | 1 | 4 | _a811.9564/درو |
| 100 | 1 |
_aدرويش، أنيسة _eمؤلف |
|
| 245 | 1 | 0 |
_aنومة على خد الشعر : _bشعر محكي / |
| 264 | 1 |
_aرام الله : _bدار الكاتب، _c1996. |
|
| 300 | _a29ص. | ||
| 650 | 1 | 7 | _aالشعر النبطي |
| 650 | 1 | 7 | _aالشعر العربي |
| 650 | 1 | 7 | _aفلسطن |
| 942 |
_2ddc _cBK |
||
| 999 |
_c10174 _d10174 |
||